000
00274nam a2200121 a 4500
008
101025s1973|||| d
245
1
0
_a
Skalpel a krása
100
1
_a
Lászlová, Karin
260
_b
Osveta
_a
Martin
_c
1973
020
_c
15
041
_a
slo
044
_a
xo
_c
SK
999
_c
12152
_d
12152